Statistics for 1880s Decade Quiz

Click here to take the quiz!

General Stats

  • This quiz has been taken 14,145 times
  • The average score is 14 of 22

Answer Stats

Question Answer % Correct
What statue did France give to the United States?Statue of Liberty
99%
What artist lost an ear?Vincent Van Gogh
94%
What serial killer stalked the streets of Whitechapel, London?Jack the Ripper
92%
What tower, built for the World's Fair, became the tallest man-made structure in history?Eiffel Tower
82%
Who wrote "Adventures of Huckleberry Finn"?Mark Twain
81%
What was invented by Karl Benz?Automobile
71%
What Paris cabaret was famous for the can-can dance?Moulin Rouge
70%
What huge English dictionary, started in 1857, was first published?Oxford English
Dictionary
67%
Who did Friedrich Nietzsche say was dead?God
63%
What city was the site of the Home Insurance Building, the world's first
steel frame skyscraper?
Chicago
63%
In what U.S. state (then a territory) would you find the city of Tombstone?Arizona
61%
What became the last country in the Americas to abolish slavery?Brazil
58%
What character made his first appearance in the story "A Study in Scarlet"?Sherlock Holmes
58%
In what country did "bushranger" Ned Kelly meet his end?Australia
57%
What Indonesian volcano erupted - killing thousands and lowering temperatures worldwide?Krakatoa
54%
What notorious outlaw was shot in the back by the coward Robert Ford?Jesse James
51%
What was Western showman William Cody better known as?Buffalo Bill
51%
What "nerve tonic" was created by John Pemberton of Atlanta, Georgia?Coca Cola
48%
What Apache leader finally surrendered after 30 years of fighting?Geronimo
44%
What city was the Eastern terminus of the Orient Express?Constantinople
42%
What U.S. state (then a territory) was opened up to a land rush?Oklahoma
40%
What Liberal British Prime Minister served two of his four terms?William Gladstone
17%

Score Distribution

Percentile by Number Answered

Percent of People with Each Score

Your Score History

You have not taken this quiz